| 000 | 01060nam a22002777a 4500 | ||
|---|---|---|---|
| 001 | BRCA_9363 | ||
| 003 | FranzMayer | ||
| 005 | 20230918122817.0 | ||
| 008 | 230828b |||||||| |||| 00| 0 eng d | ||
| 020 | _a9686661123 | ||
| 040 |
_aMFM _bespañol _cMFM |
||
| 050 | 0 |
_aNK2702.3 _bC33 1982 |
|
| 100 | 1 |
_4Autor _aCáceres Centeno, Gloria _929349 |
|
| 240 |
_a1982 año interamericano de las artesanías _hEl mueble artesanal _lEspañol |
||
| 245 | 0 |
_a1982 año interamericano de las artesanías _bEl mueble artesanal |
|
| 260 |
_aCDMX, México _bFONART _c1982 |
||
| 300 |
_a41 p _bIlustraciones _c21 cm |
||
| 500 | _aAnexo 1 | ||
| 500 | _aCon una dedicatoria en la primer página para Ruth Lechuga | ||
| 505 | _aTexto en: españolIncluye índice temáticoIncluye bibliografíaDirigido a: artistas y artesanos | ||
| 650 | 1 |
_2Artes decorativas _aArtes aplicativas _vMuebles _929350 |
|
| 651 | 2 |
_2Muebles _aMuebles artesanales _vMéxico _929351 |
|
| 700 | 1 |
_4Autor _aSalas Frontana, Hugo M. _929352 |
|
| 710 | 1 |
_4Cool _aFONAPAS _929353 |
|
| 942 |
_2lcc _cH |
||
| 999 |
_c10985 _d10985 |
||